| 000 | 00882cab a2200253 4500 | ||
|---|---|---|---|
| 001 | ABS58740 | ||
| 008 | 090401t1998 xxu||||| |||| 00| 0 eng d | ||
| 035 | _a(Sirsi) u86281 | ||
| 041 | _aeng | ||
| 100 | _aAnwyl, M. | ||
| 245 | _aAgricultural tenancies: surrender and regrant | ||
| 260 | _c1998 | ||
| 350 | _a0 | ||
| 490 |
_aCSM _bChartered Surveyor Monthly _v7(8) May 1998, 22-23(2) |
||
| 520 | _aConsiders the doctrine of surrender and regrant of agricultural lettings under the Agricultural Holdings Act 1986 and Agricultural Tenancies Act 1995. | ||
| 650 | _aAGRICULTURAL HOLDINGS ACT 1986 | ||
| 650 | _aAGRICULTURAL TENANCIES ACT 1995 | ||
| 650 | _aPROPERTY-LANDLORD AND TENANT-TENANCIES-AGRICULTURAL TENANCIES | ||
| 650 | _aLEASE CONDITIONS | ||
| 650 | _aSURRENDER AND RE-GRANT | ||
| 690 | _aLANDLORD AND TENANT-CASE LAW | ||
| 942 | _n0 | ||
| 948 | _c19/05/1998 | ||
| 999 |
_c54283 _d54283 |
||